000 00669cam a2200169 a 4500
999 _c4999
_d4999
020 _a9780830814817 (cloth : alk. paper)
020 _a0830814817 (cloth : alk. paper)
050 0 0 _aBS1520
_b.I83
245 0 0 _aIsaiah 40-66 /
_cedited by Mark W. Elliott ; general editor, Thomas C. Oden.
260 _aDowners Grove, Ill. :
_bInterVarsity Press,
_cc2007.
300 _axxxi, 349 p. ;
_c27 cm.
440 0 _aAncient Christian commentary on Scripture.
505 0 _aA guide to using this commentary -- Abbreviations -- Introduction to Isaiah 40-66 -- Acknowledgments -- Commentary on Isaiah 40-66.
700 1 _aElliott, M. W.
700 1 _aOden, Thomas C.
942 _cBK